|
|
|
|
| LEADER |
00835cam a2200265 7i4500 |
| 001 |
0000019493 |
| 005 |
20070703090000.0 |
| 090 |
0 |
0 |
|a M633.851
|b MAL
|
| 110 |
1 |
0 |
|a Malaysian Palm Oil Council
|
| 245 |
0 |
0 |
|a Palm oil & palm kernel oil applications.
|
| 260 |
0 |
0 |
|a Kelana Jaya:
|b MPOC,
|c 2006.
|
| 650 |
0 |
0 |
|a Margarine
|
| 650 |
0 |
0 |
|a Palm oil industry --
|z Malaysia
|
| 650 |
0 |
0 |
|a Palm products
|
| 650 |
0 |
0 |
|a Vegetable ghee
|
| 650 |
0 |
0 |
|a Shortening
|
| 650 |
0 |
0 |
|a Soap noodles
|
| 650 |
0 |
0 |
|a Personal care products
|
| 650 |
0 |
0 |
|a Palm-based chocolate products
|
| 650 |
0 |
0 |
|a Palm-based non dairy ice cream
|
| 650 |
0 |
0 |
|a Palm-based non dairy ice creamer
|
| 650 |
0 |
0 |
|a Animal feed
|
| 651 |
0 |
0 |
|a Malaysia
|
| 999 |
|
|
|a 0000020272
|b Book
|c Malaysia
|e Business Information Centre
|
| 999 |
|
|
|a 0000020271
|b Book
|c Malaysia
|e Business Information Centre
|